Meranie zamestnanosti v cestovnom ruchu
Významnou úlohou cestovného ruchu je aj tvorba nových pracovných miest. Zamestnanosť v cestovnom ruchu. Meranie zamestnanosti v cestovnom ruchu vo vybranom regióne (konkrétny príklad). Meranie priamej a nepriamej zamestnanosti v cestovnom ruchu.
Guardado en:
| Autor principal: | |
|---|---|
| Formato: | Capítulo de libro |
| Lenguaje: | eslovaco |
| Materias: | |
| Etiquetas: |
Sin Etiquetas, Sea el primero en etiquetar este registro!
|
MARC
| LEADER | 00000naa a2200000 4500 | ||
|---|---|---|---|
| 001 | r037271 | ||
| 005 | 20230724104925.9 | ||
| 041 | 0 | |a slo | |
| 044 | |a SK | ||
| 245 | 1 | 0 | |a Meranie zamestnanosti v cestovnom ruchu |c Ján Chovan |
| 520 | |a Významnou úlohou cestovného ruchu je aj tvorba nových pracovných miest. Zamestnanosť v cestovnom ruchu. Meranie zamestnanosti v cestovnom ruchu vo vybranom regióne (konkrétny príklad). Meranie priamej a nepriamej zamestnanosti v cestovnom ruchu. | ||
| 610 | 2 | 0 | |a ruch cestovný |
| 610 | 2 | 0 | |a zamestnanosť |
| 610 | 2 | 0 | |a Slovensko |
| 610 | 2 | 0 | |a miera nezamestnanosti |
| 610 | 2 | 0 | |a regióny |
| 100 | 1 | |a Chovan, Ján | |